000 00682nam a2200217Ii 4500
003 JO-AjNU
008 230606s9999||||xx |||||||||||||| ||und||
020 _a0-15-567609-1
040 _aJO-AjNU
_beng
_erda
_cJO-AjNU
041 _aeng
050 1 4 _aPE1075.P9 1982
100 3 _aAlgeo, John,
_eauthor
_95419
245 0 0 _a Problems in the Origins and Development of the English Language. 
250 _a3 ed
264 3 1 _aLondon: Harcourt brace Jovanovich , 1982
300 _a287P
336 _atext
_btxt
_2rdacontent
337 _aunmediated
_bn
_2rdamedia
338 _avolume
_bnc
_2rdacarrier
650 4 _aEnglish language -- History -- Outlines, syllabi, etc. 
_95420
999 _aE2798
_c2796
_d2796